| 000 | 00754nam a22002057a 4500 | ||
|---|---|---|---|
| 999 |
_c2133 _d2133 |
||
| 003 | AR-CdUCM | ||
| 008 | 190304b ||||| |||| 00| 0 eng d | ||
| 040 |
_aMUNICIPALIDAD PROVINCIAL DEL CUSCO _cBIBLIOTECA MUNICIPAL DEL CUSCO |
||
| 082 |
_a868.6 / _bT72 |
||
| 100 |
_aTorre , Guillermo de _97697 |
||
| 245 | _aProblemática de la literatura / | ||
| 260 |
_aBuenos Aires : _bEdit. Losada, _c1951. |
||
| 300 |
_a366 páginas ; _c21 cm. |
||
| 505 | _aLa crisis general de nuestro tiempo -- La existencia como cambio -- Valoración de las transiciones -- Antirracionalismo y antiintelectualismo -- Masificación y personalismo... | ||
| 650 |
_aLiteratura _983 |
||
| 650 |
_aFilosofia _9395 |
||
| 650 |
_aHistoria _9136 |
||
| 942 |
_2ddc _cPP |
||
| 945 | _ddmma | ||